|
|
|
|
| LEADER |
02626nam a2200637 a 4500 |
| 001 |
nkc20132467993 |
| 003 |
CZ PrNK |
| 005 |
20140319102048.0 |
| 007 |
ta |
| 008 |
130614s2013 xr abchf 000 0 cze |
| 015 |
|
|
|a cnb002467993
|
| 020 |
|
|
|a 978-80-7028-402-5
|q (váz.)
|
| 035 |
|
|
|a (OCoLC)855465203
|
| 040 |
|
|
|a BOA001
|b cze
|
| 041 |
0 |
|
|a cze
|b eng
|b ger
|
| 043 |
|
|
|a e-xr---
|b e-xr-mr
|b e-xr-jm
|2 czenas
|
| 072 |
|
7 |
|a 39
|x Kulturní antropologie. Etnologie. Etnografie
|2 Konspekt
|9 1
|
| 080 |
|
|
|a 39
|2 MRF
|
| 080 |
|
|
|a 069.5:39
|2 MRF
|
| 080 |
|
|
|a 069.5
|2 MRF
|
| 080 |
|
|
|a 069
|2 MRF
|
| 080 |
|
|
|a (437.32)
|2 MRF
|
| 080 |
|
|
|a (437.322)
|2 MRF
|
| 080 |
|
|
|a (048.8:082)
|2 MRF
|
| 245 |
0 |
0 |
|a Lidová kultura v muzeu :
|b sbírky Etnografického ústavu Moravského zemského muzea v Brně /
|c [editovala Jarmila Pechová ; autoři textů Helena Beránková ... et al.]
|
| 246 |
3 |
0 |
|a Sbírky Etnografického ústavu Moravského zemského muzea v Brně
|
| 260 |
|
|
|a Brno :
|b Moravské zemské muzeum,
|c 2013
|
| 300 |
|
|
|a 219 s. :
|b il. (převážně barev.), 1 mapa, portréty, faksim. ;
|c 27 cm
|
| 500 |
|
|
|a Chronologický přehled
|
| 504 |
|
|
|a Obsahuje bibliografie a bibliografické odkazy
|
| 546 |
|
|
|a Anglická a německá resumé
|
| 610 |
2 |
7 |
|a Moravské zemské muzeum (Brno, Česko).
|b Etnografický ústav
|7 kn20010724184
|2 czenas
|
| 650 |
0 |
7 |
|a lidová kultura
|7 ph122304
|2 czenas
|
| 650 |
0 |
7 |
|a lidová kultura
|7 ph122304
|z Česko
|2 czenas
|
| 650 |
0 |
7 |
|a etnografické sbírky
|7 ph120016
|z Česko
|2 czenas
|
| 650 |
0 |
7 |
|a muzejní sbírky
|7 ph137908
|z Česko
|2 czenas
|
| 650 |
0 |
7 |
|a muzejnictví
|7 ph123051
|z Česko
|2 czenas
|
| 650 |
0 |
9 |
|a folk culture
|2 eczenas
|
| 650 |
0 |
9 |
|a folk culture
|z Czechia
|2 eczenas
|
| 650 |
0 |
9 |
|a ethnological collections
|z Czechia
|2 eczenas
|
| 650 |
0 |
9 |
|a museum collections
|z Czechia
|2 eczenas
|
| 650 |
0 |
9 |
|a museum management
|z Czechia
|2 eczenas
|
| 651 |
|
7 |
|a Morava (Česko)
|7 ge130070
|2 czenas
|
| 651 |
|
7 |
|a Brno (Česko)
|7 ge134084
|2 czenas
|
| 651 |
|
9 |
|a Moravia (Czechia)
|2 eczenas
|
| 651 |
|
9 |
|a Brno (Czechia)
|2 eczenas
|
| 655 |
|
7 |
|a kolektivní monografie
|7 fd501537
|2 czenas
|
| 655 |
|
9 |
|a collective monographs
|2 eczenas
|
| 700 |
1 |
|
|a Pechová, Jarmila,
|d 1958-
|7 mzk2004252086
|4 edt
|4 aut
|
| 700 |
1 |
|
|a Beránková, Helena,
|d 1956-
|7 jn20010601359
|4 aut
|
| 910 |
2 |
|
|a BOA001
|b 3-1307.302
|
| 990 |
|
|
|a BK
|
| 995 |
|
|
|a 01
|
| 991 |
|
|
|b 201307
|c NOV
|j 39 LID
|e n
|
| 996 |
6 |
|
|b 2610556602
|c 3-1307.302
|l MZK
|r Sklad / do 1 hodiny
|n 5
|p p.v.
|w 001345043
|u 000010
|a 1
|e BOA001
|j MZK50
|s P
|
| 996 |
7 |
|
|b 2610556603
|c 3-1307.302
|l Vol.výběr
|r VV 0p
|n 14
|p p.v.
|h 39 LID
|w 001345043
|u 000020
|a 0
|e BOA001
|j MZK50
|s A
|